The RICS and MacDonald and Company South Africa salary guide (Record no. 108017)
[ view plain ]
| 000 -LEADER | |
|---|---|
| fixed length control field | 01263cad a22002415a 4500 |
| 001 - CONTROL NUMBER | |
| control field | L142924 |
| 008 - FIXED-LENGTH DATA ELEMENTS--GENERAL INFORMATION | |
| fixed length control field | 080317s2007 xxkd f s 000 0 eng d |
| 035 ## - SYSTEM CONTROL NUMBER | |
| System control number | (Sirsi) u142924 |
| 041 0# - LANGUAGE CODE | |
| Language code of text/sound track or separate title | eng |
| 050 04 - LIBRARY OF CONGRESS CALL NUMBER | |
| Classification number | 331.281333 $2 18 |
| 110 2# - MAIN ENTRY--CORPORATE NAME | |
| Corporate name or jurisdiction name as entry element | Royal Institution of Chartered Surveyors |
| 9 (RLIN) | 4900 |
| 240 ## - UNIFORM TITLE | |
| Uniform title | The RICS and MacDonald and Company salary survey |
| 245 04 - TITLE STATEMENT | |
| Title | The RICS and MacDonald and Company South Africa salary guide |
| Remainder of title | spring/summer 2007 |
| Medium | [electronic resource] |
| 260 ## - PUBLICATION, DISTRIBUTION, ETC. | |
| Place of publication, distribution, etc. | London |
| Name of publisher, distributor, etc. | Macdonald and Company |
| Place of publication, distribution, etc. | London |
| Name of publisher, distributor, etc. | RICS |
| Date of publication, distribution, etc. | 2007 |
| 520 ## - SUMMARY, ETC. | |
| Summary, etc. | Provides statistical headline figures showing minimum, maximum and average salaries for various job descriptions within the property sector. These are Valuation Surveyor, Quantity Surveyor, Asset Manager, Project Manager, Architect and Development Manager, which is revealed to be the highest paid job within the guide. Gives the same figures in other regions for the purposes of comparison. These regions are Australia, the Middle East and the United Kingdom. |
| 521 2# - TARGET AUDIENCE NOTE | |
| Target audience note | Advanced |
| 590 ## - LOCAL NOTE (RLIN) | |
| Local note | KA |
| 650 24 - SUBJECT ADDED ENTRY--TOPICAL TERM | |
| Topical term or geographic name entry element | RICS SALARY AND BENEFITS SURVEYS |
| 651 #4 - SUBJECT ADDED ENTRY--GEOGRAPHIC NAME | |
| Geographic name | South Africa |
| 690 ## - LOCAL SUBJECT ADDED ENTRY--TOPICAL TERM (OCLC, RLIN) | |
| Topical term or geographic name as entry element | MANAGEMENT-BUSINESS MANAGEMENT-HUMAN RESOURCE MANAGEMENT |
| 710 2# - ADDED ENTRY--CORPORATE NAME | |
| Corporate name or jurisdiction name as entry element | Macdonald and Company |
| 9 (RLIN) | 3846 |
| 942 ## - ADDED ENTRY ELEMENTS (KOHA) | |
| Suppress in OPAC | 0 |
| Withdrawn status | Lost status | Source of classification or shelving scheme | Damaged status | Not for loan | Home library | Current library | Shelving location | Date acquired | Total Checkouts | Full call number | Barcode | Date last seen | Copy number | Price effective from | Koha item type |
|---|---|---|---|---|---|---|---|---|---|---|---|---|---|---|---|
| Dewey Decimal Classification | Virtual | Virtual | Online | 19/03/2008 | ONLINE PUBLICATION | 142924-2001 | 06/08/2019 | 1 | 06/08/2019 | Book |